| 000 | 00449nam a22001337a 4500 | ||
|---|---|---|---|
| 008 | 140911b xxu||||| |||| 00| 0 eng d | ||
| 020 | _a040600031x | ||
| 050 | _aKD288.A6(1895-1899) | ||
| 245 |
_aThe All England law reports reprint 1895-1899:being a selection from the law times reports 1843-1935. / _cedited by G.F.L. Bridgman |
||
| 260 |
_aLondon: _bButterworth, _c1963. |
||
| 300 |
_a1294p. _c23cm. |
||
| 700 | _aBridgman, G.F.L. | ||
| 942 |
_2lcc _cBK |
||
| 999 |
_c4625 _d12125 |
||